Welcome to the Holygrace Academy Library

Please use search bar below to get started

RUMPELSTILSKIN (Record no. 243)

MARC details
000 -LEADER
fixed length control field 00441nam a22001457a 4500
020 ## - INTERNATIONAL STANDARD BOOK NUMBER
ISBN 81-7826-332-7
082 ## - DEWEY DECIMAL CLASSIFICATION NUMBER
Classification number 823
Item number GR1/R
245 ## - TITLE STATEMENT
Title RUMPELSTILSKIN
Remainder of title BROTHERS GRIM
246 ## - VARYING FORM OF TITLE
Title proper/short title RUMPELSTILSKIN
Remainder of title BROTHERS GRIM
250 ## - EDITION STATEMENT
Edition statement 2003
260 ## - PUBLICATION, DISTRIBUTION, ETC. (IMPRINT)
Place of publication DELHI
Name of publisher ROHAN BOOK COMPANY
Year of publication 2003
300 ## - PHYSICAL DESCRIPTION
Number of Pages 220
520 ## - SUMMARY, ETC.
Summary, etc Modern illustrated classics are being made handy to the convenience of our young readers to cultivate reading habit.
942 ## - ADDED ENTRY ELEMENTS (KOHA)
Koha item type Books
Holdings
Withdrawn status Lost status Collection code Home library Current library Date acquired Source of acquisition Cost, normal purchase price Full call number Accession Number Koha item type
    Fiction Main Library Main Library 28/10/2006 Purchase 30.00 823 GR1/R 02479 Books